[Event "LXVIII ch-ESP Abierto"]
[Site "Burgos ESP"]
[Date "2003.10.28"]
[Round "5"]
[White "Argandona Rivero,I"]
[Black "Castany Pampalona,L"]
[Result "1/2-1/2"]
[WhiteElo "2344"]
[BlackElo "2222"]

1.d4 Nf6 2.Bg5 e6 3.e3 c5 4.Nd2 d5 5.c3 Nbd7 6.f4 Bd6 7.Qf3 h6 8.Bh4 Qb6
9.Rb1 Qc7 10.Nh3 Rb8 11.Bd3 b5 12.O-O b4 13.Nf2 bxc3 14.bxc3 Rxb1 15.Rxb1 cxd4
16.cxd4 Qa5 17.Bxf6 Nxf6 18.Rb2 O-O 19.Qe2 Bd7 20.g4 Rb8 21.Rxb8+ Bxb8 22.Nf3 Qc3
23.g5 hxg5 24.fxg5 Nh7 25.Ng4 Qc1+ 26.Kg2 Ba4 27.Nf2 Nf8 28.h4 Nd7 29.e4 dxe4
30.Qxe4 Qf4 31.Qb7 Qc7 32.Qxc7 Bxc7 33.g6 Bc6 34.gxf7+ Kxf7 35.Be4 Bxe4  1/2-1/2

[Event "WYg18"]
[Site "Halkidiki GRE"]
[Date "2003.10.31"]
[Round "9"]
[White "Hasanova,E"]
[Black "Khoo,T"]
[Result "1/2-1/2"]
[WhiteElo "2214"]
[BlackElo "2054"]

1.d4 Nf6 2.Bg5 e6 3.e4 h6 4.Bxf6 Qxf6 5.Nc3 Bb4 6.Qd2 c5 7.a3 Bxc3 8.bxc3 b6
9.Nf3 Bb7 10.Bd3 O-O 11.O-O d6 12.Qe3 e5 13.dxe5 dxe5 14.Bc4 Nc6 15.Rad1 Rad8
16.Bd5 Rd6 17.Rd2 Rfd8 18.Rfd1 Kh7 19.h3 Qe7 20.Qe2 Qf6 21.Nh2 Qe7 22.Ng4 Na5
23.Ne3 g6 24.Ng4 h5 25.Ne3 Kg7 26.Kf1 R8d7 27.Bxb7 Nxb7 28.Rxd6 Rxd6 29.Rxd6 Qxd6
30.Qd3 Kf8 31.Ke2  1/2-1/2

[Event "3rd Rohde Open"]
[Site "Sautron FRA"]
[Date "2003.10.31"]
[Round "7"]
[White "Bergez,L"]
[Black "Marchadour,E"]
[Result "0-1"]
[WhiteElo "2393"]
[BlackElo "2028"]

1.d4 Nf6 2.Bg5 e6 3.c4 Be7 4.Nc3 b6 5.Qc2 Bb7 6.e4 O-O 7.Nf3 d5 8.Bd3 Nc6
9.a3 dxc4 10.Bxc4 Nxd4 11.Nxd4 Qxd4 12.Qe2 Qd8 13.Rd1 Qe8 14.O-O Nd7 15.Bf4 e5
16.Bg3 a6 17.Rd2 Bg5 18.Rc2 b5 19.Ba2 Rc8 20.Rd1 Nb6 21.f3 c5 22.Rd6 Nd7
23.Bd5 Bxd5 24.Nxd5 Nb8 25.b3 Nc6 26.Bf2 Be7 27.Bxc5 Bxd6 28.Bxd6 Nd4 29.Ne7+ Qxe7
30.Bxe7 Nxe2+ 31.Rxe2 Rfe8 32.Bb4 Rc1+ 33.Kf2 Rec8 34.a4 R8c2 35.axb5 axb5
36.Bd6 f6 37.Rxc2 Rxc2+ 38.Kg3 Kf7 39.b4 Ke6 40.Bf8 g6 41.h4 f5 42.h5 Rc4
43.hxg6 hxg6 44.exf5+ gxf5 45.Kf2 Kd5 46.Ke3 Rc3+ 47.Kf2 Rb3 48.g4 fxg4 49.fxg4 Ke4
50.Be7 Kf4 51.g5 Rb2+ 52.Kf1 Kf5 53.Kg1 Rc2 54.Bd6 Rd2 55.Be7 Rd7 56.Bf6  0-1

[Event "Ralston IM"]
[Site "San Francisco USA"]
[Date "2003.11.01"]
[Round "5"]
[White "Poehlmann,R"]
[Black "Evans,Be"]
[Result "1/2-1/2"]
[WhiteElo "2192"]
[BlackElo "2262"]

1.d4 Nf6 2.Bg5 e6 3.e4 h6 4.Bxf6 Qxf6 5.Qd2 d5 6.e5 Qd8 7.f4 c5 8.c3 Nc6
9.Nf3 Qb6 10.Be2 Bd7 11.O-O Rc8 12.Kh1 Be7 13.Na3 cxd4 14.cxd4 Bxa3 15.bxa3 Na5
16.Rab1 Qd8 17.Bd3 O-O 18.f5 exf5 19.Qf4 Rc3 20.Bxf5 Nc4 21.Bxd7 Qxd7 22.Rb3 Rc2
23.e6 Qxe6 24.Rxb7 Rxa2 25.Rxa7 Rxa3 26.Rxa3 Nxa3 27.Re1 Qd7 28.Ne5 Qc7 29.Qf3 Qd6
30.Rc1 Nb5 31.Rc5 Nxd4 32.Qxd5 Qxd5 33.Rxd5 Ne6 34.h3 f6 35.Ng6 Rd8 36.Rxd8+ Nxd8
37.Nf4 Kf7 38.h4 Ne6 39.Nd3 Kg6 40.g3 Kf5 41.Nf2 Nc5 42.Kg2 Ne4 43.Nd1 Nd2
44.Nf2 Ke5 45.Nd3+ Ke4 46.Nf4 Kf5 47.Nd3 Ke4 48.Nf4 g5 49.hxg5 fxg5 50.Nh3 Ke3
51.Nf2 h5 52.Nd1+ Ke2 53.Nc3+ Ke1 54.Nd5 Ne4 55.Kf3 Nd2+ 56.Kg2 Ke2 57.Nf6 Nf1
58.Nxh5 Ne3+ 59.Kh3 Kf3 60.Nf6 Nf1 61.g4 Ne3  1/2-1/2

[Event "FSIM November"]
[Site "Budapest HUN"]
[Date "2003.11.02"]
[Round "2"]
[White "Werner,Di"]
[Black "Szabo,K"]
[Result "0-1"]
[WhiteElo "2342"]
[BlackElo "2264"]

1.d4 Nf6 2.Bg5 e6 3.Nc3 h6 4.Bh4 d5 5.Bxf6 Qxf6 6.e4 Bb4 7.e5 Qe7 8.a3 Bxc3+
9.bxc3 c5 10.f4 Bd7 11.Nf3 Ba4 12.Bd3 c4 13.Be2 Nc6 14.Rf1 O-O-O 15.Kd2 f6
16.Qe1 g5 17.Qg3 Qh7 18.Rac1 Qe4 19.fxg5 fxg5 20.Rfe1 Qg6 21.h3 Ne7 22.Qh2 h5
23.h4 gxh4 24.Qxh4 Nf5 25.Qg5 Qh7 26.Qf6 Rdf8 27.Ng5 Rxf6 28.Nxh7 Rg6 29.Nf6 Rxg2
30.Rg1 Rh2 31.Rh1 Rxh1 32.Rxh1 Ng3 33.Rh4 Nxe2 34.Kxe2 Bxc2 35.Ke3 Bg6 36.Kf4 Bf7
37.Kg5 Kd8 38.Rh2 Ke7 39.Kh4 Rh6 40.Rb2 b6 41.a4 Rh8 42.a5 Rb8 43.axb6 axb6
44.Ra2 Rb7 45.Ra8 b5 46.Kg5 h4 47.Kh6 h3 48.Kg7 h2 49.Rh8 b4 50.cxb4 Rxb4
51.Rxh2 Rb3 52.Ra2 Rg3+ 53.Kh6 Bg6 54.Ra7+ Kd8 55.Rd7+ Kc8 56.Rd6 Bf5 57.Rc6+ Kb7
58.Rc5 c3 59.Ne8 Kb6 60.Nd6 Bg6 61.Nc8+ Ka6 62.Ne7 Be4 63.Nc6 Kb6 64.Ne7 c2
65.Nc8+ Ka6 66.Nd6 Bd3 67.Ne8 Rg1 68.Nc7+ Kb6  0-1

[Event "Ralston IM"]
[Site "San Francisco USA"]
[Date "2003.11.02"]
[Round "7"]
[White "Poehlmann,R"]
[Black "Shivaji,S1"]
[Result "0-1"]
[WhiteElo "2192"]
[BlackElo "2281"]

1.d4 Nf6 2.Bg5 e6 3.e4 h6 4.Bxf6 Qxf6 5.Qd2 d5 6.Nc3 Bb4 7.e5 Qd8 8.a3 Be7
9.f4 c5 10.Nf3 Nc6 11.dxc5 Bxc5 12.Na4 Be7 13.c4 Na5 14.Qc2 dxc4 15.Bxc4 Nxc4
16.Qxc4 Bd7 17.Nc3 Qb6 18.Qe2 O-O 19.O-O-O Rfd8 20.Rd3 Be8 21.Rxd8 Rxd8 22.Rd1 Rc8
23.Qc2 Qe3+ 24.Qd2 Qb6 25.Qc2 Bc5 26.Nd2 Bd4 27.Nde4 Bc6 28.Na4 Qa5 29.Rxd4 Qe1+
30.Rd1 Qxe4 31.Qxe4 Bxe4+ 32.Nc3 Bxg2 33.Rd4 Kf8 34.Kd2 Bc6 35.Ke3 Ke7 36.Rd6 f6
37.Rd1 fxe5 38.fxe5 Rf8 39.Rg1 g5 40.Rg4 Rf3+  0-1

[Event "TCh-SWE 2003-4"]
[Site "Malmo SWE"]
[Date "2003.11.09"]
[Round "1"]
[White "Landgren,P"]
[Black "Olsson,An"]
[Result "0-1"]
[WhiteElo "2239"]
[BlackElo "2426"]

1.d4 Nf6 2.Bg5 e6 3.e4 d5 4.Nd2 Be7 5.e5 Nfd7 6.Bxe7 Qxe7 7.f4 c5 8.Ngf3 Nc6
9.Bd3 f6 10.O-O cxd4 11.Nb3 fxe5 12.fxe5 O-O 13.Qe1 Rxf3 14.gxf3 Ndxe5 15.f4 Nc4
16.Qg3 Bd7 17.Kh1 Rf8 18.Rae1 Qf6 19.Nc5 Bc8 20.Bxc4 dxc4 21.Ne4 Qe7 22.f5 exf5
23.Nd6 Qd7 24.Qf4 Nb4 25.Nxc8 Qxc8 26.Re7 Nd5 27.Rxg7+ Kxg7 28.Qe5+ Nf6 29.Rxf5 Qc6+
30.Kg1 Kf7 31.Kf2 d3 32.cxd3 cxd3 33.Qd4 Kg6 34.Rf3 Ne4+ 35.Ke3 Rxf3+ 36.Kxf3 d2  0-1

[Event "TCh-ESP Final"]
[Site "Sanxenxo ESP"]
[Date "2003.11.18"]
[Round "2"]
[White "Rodriguez Amezqueta,C"]
[Black "Gallego Eraso,F"]
[Result "0-1"]
[WhiteElo "2056"]
[BlackElo "2373"]

1.d4 Nf6 2.Bg5 e6 3.e3 c5 4.c3 Be7 5.Nd2 b6 6.Ngf3 O-O 7.Bd3 Nc6 8.O-O Bb7
9.Qe2 cxd4 10.Bxf6 Bxf6 11.exd4 d6 12.Ne4 Be7 13.Rfe1 Re8 14.Rad1 Nb8 15.Qc2 Ba6
16.Bxa6 Nxa6 17.Ned2 Nc7 18.Nc4 Nd5 19.g3 Qd7 20.Ne3 Nf6 21.Qe2 Bf8 22.Nf1 b5
23.N1d2 Qc6 24.Ng5 h6 25.Nge4 Nh7 26.f4 g6 27.Qg2 Rac8 28.Nf2 Qb6 29.g4 Bg7
30.f5 b4 31.fxg6 fxg6 32.Nde4 bxc3 33.bxc3 Qc6 34.Qg3 e5 35.Qd3 d5 36.Nc5 e4
37.Qg3 Ng5 38.Kh1 Ne6 39.Nxe6 Rxe6 40.Rc1 Rf8 41.Nh3 Rf3 42.Qg2 Rxc3 43.Qd2 Rxc1
44.Rxc1 e3 45.Qb2 Qb6 46.Qc2 Re4 47.Qc8+ Kh7 48.Rc6 e2  0-1

[Event "13th WSen"]
[Site "Bad Zwischenahn GER"]
[Date "2003.11.19"]
[Round "3"]
[White "Eidelmann,V"]
[Black "Rosen,W"]
[Result "0-1"]
[WhiteElo "2026"]
[BlackElo "2277"]

1.d4 Nf6 2.Bg5 e6 3.e3 h6 4.Bh4 c5 5.c3 b6 6.Qf3 Nc6 7.Bxf6 gxf6 8.Nd2 Bb7
9.O-O-O cxd4 10.exd4 Rc8 11.Kb1 Rg8 12.Qf4 f5 13.Ngf3 Ne7 14.g3 Nd5 15.Qe5 Bg7
16.Qe1 b5 17.Rg1 a6 18.Nh4 Qe7 19.Nb3 Bf6 20.Ng2 d6 21.Ne3 f4 22.Nxd5 Bxd5
23.Nc1 fxg3 24.hxg3 h5 25.Bd3 h4 26.gxh4 Rxg1 27.Qxg1 Bxh4 28.f4 f5 29.Rd2 Kf7
30.Re2 Rg8 31.Qf1 Qf6 32.Rh2 Rg3 33.Be2 Be4+ 34.Ka1 Qg6 35.Qd1 Rg1 36.Qd2 Qg3
37.Bh5+ Kf6 38.b3 Rxc1+ 39.Kb2 Rc2+ 40.Qxc2 Bxc2 41.Rxc2 Qxf4  0-1

[Event "ch-IND A Women"]
[Site "Calicut IND"]
[Date "2003.11.19"]
[Round "16"]
[White "Koneru,C"]
[Black "Sangeetha,M"]
[Result "0-1"]
[WhiteElo "2139"]
[BlackElo "2140"]

1.d4 Nf6 2.Bg5 e6 3.e4 Be7 4.Bd3 d5 5.e5 Nfd7 6.Bxe7 Qxe7 7.Qg4 f5 8.exf6 Nxf6
9.Qe2 Nc6 10.Bb5 O-O 11.Bxc6 bxc6 12.Nf3 Rb8 13.O-O Rxb2 14.Nc3 Qa3 15.Qd2 Ne4
16.Nxe4 dxe4 17.Ng5 Qa4 18.Rac1 Qxa2 19.Nxe4 Qd5 20.Qc3 Ra2 21.Nc5 Rd8 22.Nb3 Ra4
23.Rfe1 Qc4 24.Qg3 Qd5 25.Qxc7 Qd6 26.Qxd6 Rxd6 27.f3 a6 28.Kf2 Kf7 29.Ke3 Rd5
30.f4 Ra2 31.Kd3 Rh5 32.h3 Rh4 33.Ke3 Ra4 34.Ra1 Rc4 35.Kd3 Rb4 36.Rf1 Rh5
37.Kc3 Rb6 38.Nc5 Ke7 39.Rfb1 Rb5 40.Kd2 Rd5 41.Ke3 Rd6 42.c4 Rxb1 43.Rxb1 Rd8
44.Rb8 h6 45.Ra8 g5 46.fxg5 hxg5 47.Ra7+ Kf6 48.Nxa6 e5 49.dxe5+ Kxe5 50.Ra8 Kd6
51.c5+ Kd5 52.Nc7+ Kc4 53.Kf2 Rg8 54.Na6 Kb5 55.Kg3 Kc4 56.Rb8 Kd5 57.Kh2 Kc4
58.Kg3 Kd5 59.Kf2 Kc4 60.Ke3 Kd5 61.Kf2 Kc4 62.Ke2 Kd5 63.Ke3 Kc4 64.Rb4+ Kd5
65.Rd4+ Ke5 66.Nb4 Rg6 67.Re4+ Kf6 68.Re8 Bd7 69.Re4 Kf7 70.Re5 Kf6 71.Kd4 Rg8
72.Re3 Rb8 73.Nd3 Rb1 74.Re1 Rxe1 75.Nxe1 Kf5 76.Nd3 Be8 77.g3 Ke6 78.g4 Bg6
79.Ne5 Be8 80.Nf3 Kf6 81.Ne5 Ke6 82.Ke4 Kf6 83.Nc4 Bf7 84.Ne3 Be6 85.Kd4  0-1

[Event "13th WSen Women"]
[Site "Bad Zwischenahn GER"]
[Date "2003.11.20"]
[Round "4"]
[White "Abdikasova,P"]
[Black "Lein,M"]
[Result "1-0"]
[WhiteElo "2006"]
[BlackElo "2052"]

1.d4 Nf6 2.Bg5 e6 3.e3 Be7 4.c4 c6 5.Nc3 Qa5 6.Bxf6 Bxf6 7.Bd3 d5 8.f4 dxc4
9.Bxc4 Nd7 10.Nf3 c5 11.O-O cxd4 12.exd4 O-O 13.Rc1 Nb6 14.Bd3 Nd5 15.Nxd5 Qxd5
16.Bb1 b6 17.Re1 Qa5 18.Rc3 g6 19.Ne5 Bxe5 20.fxe5 Bb7 21.Rh3 Rad8 22.Re2 Qb4
23.Rd2 f5 24.a3 Qe7 25.b4 Bd5 26.Ba2 Bxa2 27.Rxa2 Rc8 28.d5 exd5 29.Qxd5+ Kg7
30.e6 Rfd8 31.Qe5+ Kg8 32.Re2 Rc6 33.Rhe3 Rd1+ 34.Re1 Rcc1 35.Rxd1 Rxd1+
36.Re1 Rxe1+ 37.Qxe1 Qd6 38.e7  1-0

[Event "TCh-SLO"]
[Site "Celje SLO"]
[Date "2003.11.21"]
[Round "6"]
[White "Serdt,S"]
[Black "Tratar,M"]
[Result "0-1"]
[WhiteElo "2228"]
[BlackElo "2452"]

1.d4 Nf6 2.Bg5 e6 3.Nf3 c5 4.e3 b6 5.Nbd2 Bb7 6.Bd3 cxd4 7.exd4 Be7 8.O-O O-O
9.Re1 d6 10.c3 Nbd7 11.a4 a6 12.Nc4 Re8 13.Bf4 Nf8 14.h3 Bc6 15.Bh2 Qc7 16.a5 b5
17.Nb6 Ra7 18.b3 N8d7 19.Nxd7 Qxd7 20.c4 Qb7 21.Re3 Rc8 22.Qe2 bxc4 23.bxc4 Ne8
24.d5 exd5 25.Rb1 Qc7 26.Re1 Bf8 27.cxd5 Bd7 28.Bxa6 Rca8 29.Bb5 Nf6 30.Bxd7 Qxd7
31.Nd4 Rxa5 32.Nc6 Nxd5 33.Nxa5 Nxe3 34.Qxe3 Rxa5 35.Bf4 Ra8 36.Rd1 Qe6 37.Qb6 d5
38.Qd4 Rd8 39.Bc7 Rd7 40.Be5 f6 41.Bf4 g5 42.Bc1 Bd6 43.Qd3 Be5 44.Ba3 Ra7
45.Bc5 Ra1 46.Bd4 Rxd1+ 47.Qxd1 Bxd4 48.Qxd4 Qe1+ 49.Kh2 Qe5+ 50.Qxe5 fxe5
51.Kg1 Kf7 52.Kf1 e4 53.Ke2 Kf6 54.f3 Ke5 55.fxe4 Kxe4  0-1

[Event "TCh-SLO"]
[Site "Celje SLO"]
[Date "2003.11.22"]
[Round "8"]
[White "Serdt,S"]
[Black "Dizdar,S"]
[Result "1-0"]
[WhiteElo "2228"]
[BlackElo "2351"]

1.d4 Nf6 2.Bg5 e6 3.Nf3 Be7 4.e3 Ne4 5.Bxe7 Qxe7 6.Nbd2 f5 7.Bd3 d5 8.Ne5 O-O
9.O-O Nd7 10.f4 Nxe5 11.fxe5 Qb4 12.Nb3 b6 13.a3 Qe7 14.Rc1 Bb7 15.Bxe4 dxe4
16.c4 c5 17.Qe1 Rad8 18.Rd1 Bc6 19.Qc3 Ba4 20.d5 exd5 21.Rxd5 Bc6 22.Rxd8 Qxd8
23.Nc1 Qd7 24.b4 Qe7 25.Ne2 g5 26.Ng3 f4 27.Nh5 f3 28.Nf6+ Kg7 29.gxf3 exf3
30.e4 g4 31.h3 Rd8 32.hxg4 Rd4 33.Qxf3 Qxe5 34.Nh5+ Kh6  1-0

[Event "22nd SEA Games Team Standard"]
[Site "Ho Chi Minh City VIE"]
[Date "2003.12.07"]
[Round "1"]
[White "Lim Chuing Hoong"]
[Black "Antonio,R"]
[Result "0-1"]
[WhiteElo "2276"]
[BlackElo "2521"]

1.d4 Nf6 2.Bg5 e6 3.e4 h6 4.Bxf6 Qxf6 5.Qd2 d6 6.Nc3 c6 7.O-O-O e5 8.Nge2 g5
9.Kb1 Nd7 10.dxe5 Nxe5 11.Nd4 Bd7 12.g3 g4 13.h3 h5 14.hxg4 hxg4 15.Bg2 Rxh1
16.Rxh1 O-O-O 17.Qf4 Bg7 18.Nf5 Bxf5 19.Qxf5+ Qxf5 20.exf5 d5 21.Ne2 Rh8
22.Rxh8+ Bxh8 23.b3 Kd7 24.Nf4 Kd6 25.Nd3 Nxd3 26.cxd3 Ke5 27.Kc2 Kxf5 28.Kd2 Bg7
29.Bf1 Ke5 30.Be2 f5 31.Bd1 Kd4 32.Kc2 Be5 33.Be2 Bd6 34.Bd1 a5 35.Kd2 Bb4+
36.Ke2 b6 37.Bc2 Kc3  0-1

[Event "RUS-UKR Blitz g/3"]
[Site "bereg.ru INT"]
[Date "2003.12.14"]
[Round "12"]
[White "Rustemov,A"]
[Black "Zontakh,A"]
[Result "1/2-1/2"]
[WhiteElo "2604"]
[BlackElo "2531"]

1.d4 Nf6 2.Bg5 e6 3.e3 b6 4.Nd2 Bb7 5.c3 Be7 6.Ngf3 c5 7.Bd3 d6 8.Qe2 O-O
9.O-O-O Nbd7 10.Kb1 Qc7 11.Rhe1 a6 12.g4 b5 13.Bxf6 Bxf6 14.g5 Be7 15.h4 b4
16.c4 d5 17.h5 dxc4 18.Nxc4 Bxf3 19.Qxf3 Bxg5 20.d5 exd5 21.Qxd5 Bf6 22.Bxh7+ Kxh7
23.Qf5+ Kg8 24.Rxd7 Qh2 25.Nd6 Rad8 26.Rxd8 Rxd8 27.Ne4 Be7 28.b3 a5 29.Rc1 Qc7
30.Nxc5 Bxc5 31.Qxc5 Qd7 32.Qc2 Qh3 33.Qc7 Qf5+ 34.Kb2 Rd2+ 35.Rc2 Rxc2+
36.Qxc2 Qxh5 37.a3 Qe5+ 38.Ka2  1/2-1/2

[Event "Christmas Open"]
[Site "Zadar CRO"]
[Date "2003.12.16"]
[Round "3"]
[White "Brumen,D"]
[Black "Bosiocic,Mari"]
[Result "0-1"]
[WhiteElo "2405"]
[BlackElo "2178"]

1.d4 Nf6 2.Bg5 e6 3.e4 h6 4.Bxf6 Qxf6 5.Nc3 Bb4 6.Qd2 d6 7.Nf3 e5 8.a3 Bxc3
9.Qxc3 exd4 10.Qxc7 O-O 11.Bb5 a6 12.Ba4 Nc6 13.O-O Bg4 14.Bxc6 bxc6 15.e5 Qf4
16.Qxd6 Bxf3 17.gxf3 Rae8 18.Qxc6 Rxe5 19.Rfe1 Rg5+ 20.Kf1 Qxh2 21.Ke2 d3+
22.Kxd3 Rd8+ 23.Kc3 Qb8  0-1

[Event "Christmas Open"]
[Site "Zadar CRO"]
[Date "2003.12.18"]
[Round "5"]
[White "Kovacevic,B"]
[Black "Delchev,A"]
[Result "1/2-1/2"]
[WhiteElo "2424"]
[BlackElo "2603"]

1.d4 Nf6 2.Bg5 e6 3.Nd2 c5 4.e3 cxd4 5.exd4 Be7 6.Ngf3 b6 7.Bd3 Bb7 8.O-O O-O
9.Bxf6 Bxf6 10.Re1 d6 11.Be4  1/2-1/2

[Event "3rd NAO GM"]
[Site "Paris FRA"]
[Date "2003.12.19"]
[Round "5"]
[White "Gozzoli,Y"]
[Black "Maze,S"]
[Result "1/2-1/2"]
[WhiteElo "2430"]
[BlackElo "2464"]

1.d4 Nf6 2.Bg5 e6 3.e3 c5 4.Nf3 Be7 5.Bd3 b6 6.Nbd2 Bb7 7.O-O O-O 8.c3 Nc6
9.e4 d6 10.Re1 cxd4 11.cxd4  1/2-1/2

[Event "3rd NAO GM"]
[Site "Paris FRA"]
[Date "2003.12.22"]
[Round "8"]
[White "Pira,D"]
[Black "Maze,S"]
[Result "0-1"]
[WhiteElo "2403"]
[BlackElo "2464"]

1.d4 Nf6 2.Bg5 e6 3.e4 h6 4.Bxf6 Qxf6 5.Nc3 d6 6.Qd2 c6 7.O-O-O e5 8.Nge2 Nd7
9.f4 g6 10.h4 h5 11.g3 Bg7 12.Bh3 Nb6 13.Bxc8 Rxc8 14.Qd3 O-O 15.g4 hxg4
16.h5 exd4 17.e5 dxe5 18.Ne4 Qe7 19.fxe5 Qxe5 20.hxg6 f5 21.N4g3 Nd5 22.Kb1 Qe3
23.Nxd4 Qxd3 24.Rxd3 Bxd4 25.Rxd4 f4 26.Ne4 g3 27.c4 g2 28.Rg1 Ne3 29.Kc1 f3
30.Nf2 Rcd8 31.Re4 Rde8 32.Rd4 Kg7 33.Kd2 Nf5 34.Rd7+ Kxg6 35.Nd3 Ng3 36.Rxb7 Ne2  0-1

[Event "1st Bautista Boschi Masters"]
[Site "Cipolleti ARG"]
[Date "2003.12.28"]
[Round "5"]
[White "Pizarro,P"]
[Black "Pacheco,D"]
[Result "0-1"]
[WhiteElo "2164"]
[BlackElo "2332"]

1.d4 Nf6 2.Bg5 e6 3.e4 h6 4.Bxf6 Qxf6 5.c3 Qg6 6.Nd2 b6 7.g3 Bb7 8.Bg2 Nc6
9.Ne2 Be7 10.b4 Qh7 11.a4 a5 12.b5 Nd8 13.Nf4 Bg5 14.Qf3 h5 15.h4 Bh6 16.O-O f6
17.Rad1 Nf7 18.Nd3 O-O-O 19.d5 Nd6 20.c4 Bxd2 21.Rxd2 Nxc4 22.Rc2 exd5 23.Rfc1 dxe4
24.Qf4 d5 25.Nb2 g5 26.Qxf6 Rhf8 27.Qxg5 Rg8 28.Qf6 Rdf8 29.Qe6+ Kb8 30.Nxc4 dxc4
31.Rxc4 Re8 32.Qf6 Rgf8 33.Qd4 Re7 34.Qe3 Qf5 35.R1c2 Qg4 36.Rd4 Re5 37.Qc3 Rc5
38.Qd2 e3 39.fxe3 Rxc2 40.Qxc2 Qxg3 41.Qd2 Bxg2  0-1

[Event "Christmas Open"]
[Site "Zurich SUI"]
[Date "2003.12.28"]
[Round "4"]
[White "Fischer,Marc"]
[Black "Deuber,R"]
[Result "1-0"]
[WhiteElo "2095"]
[BlackElo "2149"]

1.d4 Nf6 2.Bg5 e6 3.e4 Be7 4.Bd3 d5 5.e5 Nfd7 6.Bxe7 Qxe7 7.c3 c5 8.Nf3 Nc6
9.O-O O-O 10.Nbd2 f6 11.Qc2 fxe5 12.Bxh7+ Kh8 13.dxe5 Ndxe5 14.Nxe5 Nxe5
15.Rae1 Qg5 16.Re3 Rxf2 17.Rxf2 Qxe3 18.Nf1 Nf3+ 19.Kh1 Qh6 20.Rxf3  1-0

[Event "1st Bautista Boschi Masters"]
[Site "Cipolleti ARG"]
[Date "2003.12.29"]
[Round "8"]
[White "Pizarro,P"]
[Black "Valiente,C"]
[Result "1-0"]
[WhiteElo "2164"]
[BlackElo "2324"]

1.d4 Nf6 2.Bg5 e6 3.e4 h6 4.Bxf6 Qxf6 5.c3 d6 6.Bd3 Nc6 7.Ne2 Bd7 8.O-O g5
9.Nd2 h5 10.f4 gxf4 11.Nxf4 Qg5 12.e5 dxe5 13.Ne4 Qh6 14.Nxe6 fxe6 15.Nf6+ Kd8
16.d5 exd5 17.Nxd7 Kxd7 18.Bf5+ Kd6 19.Qb3 Qe3+ 20.Kh1 Qc5 21.Rad1 Bh6 22.Be4 Rhf8
23.Rxd5+ Ke7 24.Rfd1 Qe3 25.Qxb7 Qxe4 26.Qxc6  1-0

[Event "Open"]
[Site "Lilie Litomysl CZE"]
[Date "2003.12.29"]
[Round "5"]
[White "Sabol,M"]
[Black "Kulhanek,T"]
[Result "1/2-1/2"]
[WhiteElo "2302"]
[BlackElo "2362"]

1.d4 Nf6 2.Bg5 e6 3.e4 h6 4.Bxf6 Qxf6 5.Nf3 d6 6.c3 Nd7 7.Bd3 e5 8.O-O g6
9.Na3 Bg7 10.Nc4 O-O 11.dxe5 Nxe5 12.Nd4 Nxc4 13.Bxc4 a6 14.f4 c5 15.Nc2 Be6
16.Bd5 Bxd5 17.Qxd5 Rae8 18.Rad1 Qe6 19.Rfe1 b5 20.a3 a5 21.Qxe6 Rxe6 22.Kf2 b4
23.axb4 axb4 24.Rd3 bxc3 25.bxc3 Rfe8 26.Rde3 Rb8 27.Kf3 Rb3 28.c4 Rb2 29.R1e2 Rb8
30.e5 dxe5 31.fxe5 Reb6 32.Ne1 Rb4 33.Re4 Rd8 34.R2e3 Ra4 35.Rd3 Rxd3+ 36.Nxd3 Ra3
37.Ke2 Ra2+ 38.Kf3 Ra3 39.Ke2  1/2-1/2

[Event "ch-AUS"]
[Site "Adelaide AUS"]
[Date "2004.01.04"]
[Round "6"]
[White "Depasquale,C"]
[Black "Jovanovic,Pete"]
[Result "1-0"]
[WhiteElo "2327"]
[BlackElo "2068"]

1.d4 Nf6 2.Bg5 e6 3.e4 c5 4.Nf3 cxd4 5.e5 h6 6.Bh4 Qa5+ 7.Qd2 Qxd2+ 8.Nbxd2 Nd5
9.Nxd4 Nc6 10.Nxc6 bxc6 11.O-O-O Rb8 12.c4 Nf4 13.Bg3 g5 14.h4 Bg7 15.Nf3 Nh5
16.Bh2 g4 17.Be2 gxf3 18.Bxf3 Rb4 19.b3 Nf6 20.exf6 Bxf6 21.Bd6 Rb6 22.Be2 Be7
23.c5 Rb4 24.Bc4 Bxd6 25.Rxd6 Rg8 26.g3 Rg4 27.Kd2 a5 28.Kc3 Rb8 29.Rhd1 Ra8
30.R1d4 Rxd4 31.Rxd4 Ba6 32.Rg4 Kf8 33.Bxa6 Rxa6 34.Ra4 Ra8 35.Kc4 Ke7 36.b4 d5+
37.cxd6+ Kxd6 38.Rxa5 Rg8 39.Ra7 Rg4+ 40.Kb3 f5 41.Rf7 Re4 42.Rg7 Re2 43.f4 Re1
44.a4 Rb1+ 45.Kc3 c5 46.b5 Ra1 47.Ra7 Ra3+ 48.Kc4 Rxg3 49.Ra6+ Kd7 50.Kxc5 Rf3
51.Ra7+ Kc8 52.b6 Rxf4 53.a5 Rf1 54.a6 Rc1+ 55.Kd6  1-0

[Event "TCh-CZE Extraliga 2003-4"]
[Site "Czech Rep CZE"]
[Date "2004.01.10"]
[Round "5"]
[White "Prymula,R"]
[Black "Bernasek,J"]
[Result "1/2-1/2"]
[WhiteElo "2305"]
[BlackElo "2381"]

1.d4 Nf6 2.Bg5 e6 3.Nf3 c5 4.e3 Be7 5.Nbd2 b6 6.c3 Bb7 7.Bd3 d6 8.e4 O-O
9.Qe2 h6 10.Bh4 cxd4 11.Nxd4 Nc6 12.Nxc6 Bxc6 13.f4 Nd7 14.Bxe7 Qxe7 15.O-O-O e5
16.f5 d5 17.exd5 Bxd5 18.Be4 Bxe4 19.Nxe4 Nf6 20.h4 Rad8 21.Rde1 Rd5 22.Rd1 Rfd8
23.Rxd5 Nxd5 24.g3 Nf6 25.Re1 Nxe4 26.Qxe4 Qd7 27.Qxe5  1/2-1/2

[Event "TCh-BEL 2003-4"]
[Site "Belgium BEL"]
[Date "2004.01.18"]
[Round "7"]
[White "Goossens,E"]
[Black "Bertrem,S"]
[Result "1/2-1/2"]
[WhiteElo "2242"]
[BlackElo "2159"]

1.d4 Nf6 2.Bg5 e6 3.e4 d5 4.e5 h6 5.Be3 Nfd7 6.c3 c5 7.a3 c4 8.Nd2 Nc6 9.f4 Nb6
10.Ngf3 Bd7 11.g3 Be7 12.h4 Qc7 13.Bh3 O-O-O 14.g4 f6 15.Qc2 Rdf8 16.Ke2 Rf7
17.g5 f5 18.g6  1/2-1/2

[Event "TCh-BEL 2003-4"]
[Site "Belgium BEL"]
[Date "2004.01.18"]
[Round "7"]
[White "Knoppert,E"]
[Black "Hauchard,A"]
[Result "0-1"]
[WhiteElo "2340"]
[BlackElo "2499"]

1.d4 Nf6 2.Bg5 e6 3.e3 d6 4.c4 Nbd7 5.Nc3 h6 6.Bh4 g6 7.Bd3 Bg7 8.Qc2 b6
9.f4 Bb7 10.Nf3 c5 11.O-O-O a6 12.dxc5 Nxc5 13.Bxg6 fxg6 14.Qxg6+ Kf8 15.Ne5 Kg8
16.Qf7+ Kh7 17.Qg6+ Kg8 18.b4 Nce4 19.Qf7+ Kh7 20.Qg6+ Kg8 21.Qf7+ Kh7 22.Nxe4 Bxe4
23.Ng4 Rf8 24.Qxe6 d5 25.Rd4 Qc8 26.Qxc8 Raxc8 27.Ne5 Ng4 28.Rxe4 Bxe5  0-1

[Event "1st WinTV Open"]
[Site "Chennai IND"]
[Date "2004.01.24"]
[Round "5"]
[White "Natarajan,C"]
[Black "Premnath,R"]
[Result "1-0"]
[WhiteElo "2261"]
[BlackElo "2069"]

1.d4 Nf6 2.Bg5 e6 3.Nd2 c5 4.e3 cxd4 5.exd4 d5 6.c3 Nbd7 7.Ngf3 Bd6 8.Bd3 a6
9.Qe2 O-O 10.Ne5 h6 11.Bh4 Qb6 12.O-O-O Qa5 13.Kb1 b5 14.g4 Qc7 15.f4 b4
16.Rc1 Qb6 17.g5 hxg5 18.fxg5 bxc3 19.Rxc3 Bxe5 20.dxe5 Ne4 21.Bxe4 dxe4
22.Bf2 Qb4 23.Rb3 Qa4 24.Nxe4 Nxe5 25.Rg1 Qc4 26.Nf6+  1-0

[Event "TCh-BEL2 2003-4"]
[Site "Belgium BEL"]
[Date "2004.01.25"]
[Round "2"]
[White "Groffen,H"]
[Black "Penson,T"]
[Result "1/2-1/2"]
[WhiteElo "2207"]
[BlackElo "2264"]

1.d4 Nf6 2.Bg5 e6 3.e4 h6 4.Bxf6 Qxf6 5.c3 d6 6.Nf3 Nc6 7.Nbd2 Bd7 8.Bb5 a6
9.Ba4 Qe7 10.O-O b5 11.Bc2 g5 12.a4 Rb8 13.axb5 axb5 14.d5 Ne5 15.Nd4 Bg7
16.Ra7 Qd8 17.dxe6 Bxe6 18.Nxe6 fxe6 19.Qh5+ Kd7 20.Nb3 Qe8 21.Qe2 Nc6 22.Ra6 Ke7
23.Bd3 Ne5 24.Ra7 Qd7 25.Rfa1 Rb6 26.Bc2 Nc6 27.Ra8 Rhb8 28.Rxb8 Rxb8 29.Ra6 b4
30.Qd2 bxc3 31.bxc3 Ne5 32.Nd4 c5 33.Ne2 Rb2 34.Qd1 Nc4 35.Bb3 Nd2 36.Bc2 Nc4
37.Bb3 Nd2 38.Bc2 Nc4  1/2-1/2

[Event "Winter Open"]
[Site "Belgrade SCG"]
[Date "2004.01.25"]
[Round "5"]
[White "Sarovski,N"]
[Black "Kocic,S"]
[Result "1/2-1/2"]
[WhiteElo "2065"]
[BlackElo "2267"]

1.d4 Nf6 2.Bg5 e6 3.e4 h6 4.Bxf6 Qxf6 5.Nf3 g6 6.Nc3 Bg7 7.Qd2 d6 8.Nb5 Qe7
9.e5 Nc6 10.Qf4 dxe5 11.dxe5 a6 12.Nc3 g5 13.Qe4 Qc5 14.O-O-O Nxe5 15.Nd4 Ng6
16.g3 f5 17.Nxe6 fxe4 18.Nxc5 Bxc3 19.bxc3 O-O 20.Bc4+ Kh8 21.Nxe4 Bg4 22.Rd2 Bf3
23.Re1 Rae8 24.Bd3 b5 25.Re3 Re5 26.Nc5 Rxe3 27.fxe3 Ne5 28.h3 Rf6 29.Kb2 Bh5
30.g4 Bf7 31.e4 a5 32.a4 bxa4 33.Nxa4 Rf3 34.Rh2 Nxd3+ 35.cxd3 Rxd3 36.h4 Kg7
37.hxg5 hxg5 38.Nc5 Re3 39.Rf2 a4 40.Rf5 Kg6 41.Nd7 Be8 42.Nf6 Bc6 43.e5 Bf3
44.Ka3 Rxc3+ 45.Kxa4 Bxg4 46.Rxg5+ Kxg5 47.Ne4+ Kf4 48.Nxc3 Kxe5 49.Kb4 Bd7
50.Kc5  1/2-1/2

[Event "TCh-FRA Nat1 GpB"]
[Site "Cannes FRA"]
[Date "2004.01.30"]
[Round "1"]
[White "Kovarcik,T"]
[Black "Libiszewski,F"]
[Result "1/2-1/2"]
[WhiteElo "2229"]
[BlackElo "2451"]

1.d4 Nf6 2.Bg5 e6 3.e4 h6 4.Bxf6 Qxf6 5.Nc3 Bb4 6.Qd2 c5 7.a3 Bxc3 8.bxc3 b6
9.Nf3 Bb7 10.Bd3 d6 11.O-O O-O 12.e5 dxe5 13.dxe5 Qe7 14.Qe3 Nd7 15.Be4 Bxe4
16.Qxe4 Rfd8 17.c4 Nf8 18.a4 Qc7 19.Rfb1 Rab8 20.h4 Ng6 21.Rb5 Ne7 22.a5 Nc6
23.axb6 axb6 24.c3 Ra8 25.Rab1 Ra6 26.h5 Na7 27.R5b3 Nc8 28.R3b2 Ra3 29.Qe3 Ra4
30.Qe2 Ra3 31.Qe3 Ra4 32.Qe2 Ra3  1/2-1/2

[Event "Gibraltar Masters"]
[Site "Catalan Bay ENG"]
[Date "2004.02.01"]
[Round "6"]
[White "Eckhardt,L"]
[Black "Emms,J"]
[Result "0-1"]
[WhiteElo "2096"]
[BlackElo "2501"]

1.d4 Nf6 2.Bg5 e6 3.e3 c5 4.c3 cxd4 5.exd4 Be7 6.Bd3 b6 7.Nf3 Bb7 8.Nbd2 d6
9.O-O O-O 10.Qe2 Nbd7 11.Rfe1 Re8 12.a4 a6 13.h3 Qc7 14.Ne4 h6 15.Bf4 Nxe4
16.Bxe4 Bxe4 17.Qxe4 Nf6 18.Qd3 Qb7 19.Nd2 b5 20.Ne4 Nxe4 21.Qxe4 Qxe4 22.Rxe4 d5
23.Re2 Rec8 24.axb5 axb5 25.Ree1 g5 26.Bd2 b4 27.cxb4 Rab8 28.Rec1 Rxc1+
29.Rxc1 Bxb4 30.Rc2 Bxd2 31.Rxd2 Kg7 32.Kf1 Kf6 33.Ke2 Kf5 34.Kd3 f6 35.Kc3 Rc8+
36.Kd3 e5 37.Ke3 e4 38.f3 exf3 39.Kxf3 Rb8 40.Ke2 Ke4 41.Kd1 f5 42.Kc2 h5
43.Kc3 Rc8+ 44.Kb4 f4 45.b3 g4 46.hxg4 hxg4 47.Re2+ Kxd4 48.Ka5 f3 49.gxf3 gxf3
50.Rd2+ Ke4 51.b4 Rf8  0-1